[Event "Dvorkovich Memorial op"]
[Site "Taganrog"]
[Date "2015.01.18"]
[Round "1"]
[White "Prokopenko, A."]
[Black "Chernyavsky, Alexander"]
[Result "1-0"]
[WhiteElo "2101"]
[BlackElo "2305"]
[PlyCount "87"]
[EventDate "2015.01.18"]
[EventType "swiss"]
[EventRounds "9"]
[EventCountry "RUS"]
[SourceTitle "CBM 164 Extra"]
[Source "ChessBase"]
[SourceDate "2015.03.02"]
[SourceVersion "1"]
[SourceVersionDate "2015.03.02"]
[SourceQuality "1"]

1. d4 Nf6 2. Bf4 g6 3. e3 Bg7 4. Be2 0-0 5. Nf3 d6 6. Nbd2 Nbd7 7. h3 Re8 8. Nc4 b6 9. 0-0 Bb7 10. a4 Ne4 11. a5 e5 12. a6 Bc6 13. Bh2 Qe7 14. c3 Rad8 15. Na3 Ba8 16. Qc2 f5 17. Nb5 Nf8 18. Rfd1 g5 19. dxe5 dxe5 20. Rxd8 Rxd8 21. Rd1 Rxd1+ 22. Qxd1 c6 23. Na3 f4 24. Qd3 c5 25. Nb5 Bc6 26. Bd1 Kh8 27. Bb3 Bf6 28. Qc4 Qg7 29. Nxa7 b5 30. Nxb5 g4 31. hxg4 Qxg4 32. Qf7 Qg7 33. a7 fxe3 34. Qxg7+ Kxg7 35. fxe3 Nd7 36. Nc7 Nb6 37. Nxe5 Bxe5 38. Bxe5+ Kg6 39. Na6 Kf5 40. Bc7 Nc8 41. Bb8 h5 42. Bc2 c4 43. Nc5 Nb6 44. Kf1 1-0

[Event "Dvorkovich Memorial op-B 9th"]
[Site "Taganrog"]
[Date "2014.08.03"]
[Round "2"]
[White "Prokopenko, A."]
[Black "Krivochkin, Ilya"]
[Result "1-0"]
[WhiteElo "2103"]
[BlackElo "1913"]
[PlyCount "53"]
[EventDate "2014.08.02"]
[EventType "swiss"]
[EventRounds "9"]
[EventCountry "RUS"]
[SourceTitle "CBM 162 Extra"]
[Source "ChessBase"]
[SourceDate "2014.10.17"]
[SourceVersion "1"]
[SourceVersionDate "2014.10.17"]
[SourceQuality "1"]

1. e4 e5 2. Nf3 Nc6 3. Bb5 Nf6 4. d3 Bc5 5. c3 d6 6. Nbd2 a6 7. Ba4 b5 8. Bb3 Be6 9. a4 b4 10. a5 bxc3 11. bxc3 0-0 12. 0-0 Re8 13. Ba4 Bd7 14. Nb3 Ba7 15. Bg5 Nb8 16. Nh4 h6 17. Be3 Nxe4 18. dxe4 Bxe3 19. fxe3 Qxh4 20. Qd5 c6 21. Qxf7+ Kh8 22. Nd2 Qd8 23. Bb3 c5 24. Nc4 Nc6 25. Nxd6 Re7 26. Qg6 Be8 27. Rf8# 1-0

[Event "Dvorkovich Memorial op 8th"]
[Site "Taganrog"]
[Date "2013.07.28"]
[Round "7"]
[White "Guschin, Vladimir I"]
[Black "Prokopenko, A."]
[Result "1/2-1/2"]
[WhiteElo "2120"]
[BlackElo "2113"]
[PlyCount "69"]
[EventDate "2013.07.22"]
[EventType "swiss"]
[EventRounds "9"]
[EventCountry "RUS"]
[SourceTitle "CBM 155 Extra"]
[Source "ChessBase"]
[SourceDate "2013.08.26"]
[SourceVersion "1"]
[SourceVersionDate "2013.08.26"]
[SourceQuality "1"]

1. e4 e6 2. d4 d5 3. e5 c5 4. c3 Qb6 5. Bd3 Nc6 6. Nf3 cxd4 7. cxd4 Bd7 8. Bc2 Nb4 9. Nc3 Nxc2+ 10. Qxc2 Rc8 11. 0-0 Ne7 12. Qd3 Nf5 13. a3 h5 14. Re1 Be7 15. h3 Rc4 16. Rd1 a6 17. Rb1 Qc7 18. Bd2 Qd8 19. g4 hxg4 20. hxg4 Nh4 21. Nxh4 Rxh4 22. f3 Qb6 23. Be3 Qb3 24. Kg2 b5 25. Rdc1 a5 26. Qd2 Rh8 27. Ne2 b4 28. Rxc4 dxc4 29. axb4 Bxb4 30. Nc3 Bc6 31. Rc1 a4 32. Qc2 Bxc3 33. Qxc3 Qxc3 34. Rxc3 Bb5 35. Rc1 1/2-1/2

[Event "Taganrog-ch"]
[Site "Taganrog"]
[Date "2010.12.16"]
[Round "13"]
[White "Prokopenko, A."]
[Black "Osipov, Adam V"]
[Result "1/2-1/2"]
[WhiteElo "2189"]
[BlackElo "2051"]
[PlyCount "125"]
[EventDate "2010.11.18"]
[EventType "tourn"]
[EventRounds "13"]
[EventCountry "RUS"]
[SourceTitle "EXT 2014"]
[Source "ChessBase"]
[SourceDate "2013.11.20"]
[SourceVersion "1"]
[SourceVersionDate "2013.11.20"]
[SourceQuality "1"]

1. d4 Nf6 2. Nf3 b6 3. Bf4 Ba6 4. Nbd2 e6 5. h3 c5 6. c3 Be7 7. Bh2 0-0 8. g4 Nc6 9. e3 Bxf1 10. Kxf1 d5 11. Kg2 Qc8 12. Qe2 Qb7 13. Bg3 a5 14. a4 Rfd8 15. Kh2 Ne8 16. Rhd1 Qa6 17. Qxa6 Rxa6 18. Ne5 Nxe5 19. Bxe5 f6 20. Bg3 Raa8 21. Kg2 Rac8 22. Kf1 Bd6 23. Bxd6 Nxd6 24. Ke2 Kf7 25. Kd3 Rd7 26. f3 cxd4 27. exd4 e5 28. Re1 Nc4 29. b3 Nxd2 30. dxe5 fxe5 31. Kxd2 Kf6 32. h4 h6 33. Kd3 g5 34. h5 Ke6 35. Rf1 Rf7 36. Rae1 Rfc7 37. Rc1 Rf7 38. Rce1 Rfc7 39. Rc1 Rf8 40. c4 Rcf7 41. cxd5+ Kxd5 42. Ke3 Rf4 43. Rc7 R8f6 44. Rd1+ Rd4 45. Rdc1 Rd6 46. Rb7 e4 47. Rc3 exf3 48. Kxf3 Rf6+ 49. Kg3 Rff4 50. Rd7+ Ke6 51. Rxd4 Rxd4 52. Kf3 Kd6 53. Rc8 Rf4+ 54. Ke3 Rxg4 55. Rh8 Rb4 56. Rxh6+ Ke5 57. Rg6 Rxb3+ 58. Kf2 Kf5 59. Rd6 Rb2+ 60. Kg3 Rb3+ 61. Kg2 Rb2+ 62. Kg3 Rb3+ 63. Kg2 1/2-1/2

[Event "Taganrog-ch"]
[Site "Taganrog"]
[Date "2010.12.04"]
[Round "8"]
[White "Kovalchuk, Alexey"]
[Black "Prokopenko, A."]
[Result "1/2-1/2"]
[WhiteElo "2068"]
[BlackElo "2189"]
[PlyCount "173"]
[EventDate "2010.11.18"]
[EventType "tourn"]
[EventRounds "13"]
[EventCountry "RUS"]
[SourceTitle "EXT 2014"]
[Source "ChessBase"]
[SourceDate "2013.11.20"]
[SourceVersion "1"]
[SourceVersionDate "2013.11.20"]
[SourceQuality "1"]

1. Nf3 Nf6 2. c4 g6 3. Nc3 Bg7 4. e4 d6 5. d4 0-0 6. Be2 e5 7. 0-0 exd4 8. Nxd4 Nc6 9. Be3 Re8 10. f3 Nxd4 11. Bxd4 Nh5 12. f4 Bxd4+ 13. Qxd4 Qf6 14. Qd2 Qg7 15. Bxh5 gxh5 16. f5 Kh8 17. f6 Qg6 18. Nd5 Rxe4 19. Ne7 Rxe7 20. fxe7 Be6 21. Qc3+ Qg7 22. Rf3 Qxc3 23. Rxc3 Re8 24. Re1 Rxe7 25. Rh3 Rd7 26. Rh4 Kg7 27. b3 Kg6 28. Rd4 b6 29. Kf2 a5 30. Ke3 Rd8 31. Kd2 Rg8 32. Kc3 Kf6 33. g3 Rg5 34. Rf4+ Ke7 35. Re3 Rc5 36. Kb2 Rg5 37. Re2 Rg6 38. Rfe4 Rg5 39. Rf2 Rg6 40. a3 Rg5 41. Kc3 Rg6 42. Rf1 Rg5 43. b4 axb4+ 44. axb4 Rg6 45. Ra1 Rg5 46. Ra8 Kd7 47. Rh8 b5 48. cxb5 Rxb5 49. Rxh7 c5 50. bxc5 Rxc5+ 51. Kd2 Ra5 52. Rh4 Ra2+ 53. Ke3 Ra3+ 54. Kd2 Ra2+ 55. Kc3 Ra3+ 56. Kb4 Rb3+ 57. Ka4 Kc6 58. R7xh5 Rb1 59. Rd4 d5 60. Rd2 Kc5 61. Ka3 Kc4 62. Ka2 Rb8 63. Rb2 Ra8+ 64. Kb1 Kc3 65. g4 d4 66. Rc2+ Kd3 67. Rh3+ Ke4 68. Rd2 Bxg4 69. Rh4 f5 70. h3 Ke3 71. hxg4 Kxd2 72. Rh2+ Ke3 73. gxf5 d3 74. Kb2 Rb8+ 75. Kc3 Rc8+ 76. Kb2 Rc5 77. Rh3+ Ke4 78. Rh4+ Ke3 79. Rh3+ Ke2 80. Rh2+ Ke1 81. Rh1+ Kf2 82. Rh2+ Ke3 83. Rh3+ Kd4 84. Rh4+ Ke5 85. Rh3 Rc2+ 86. Kb3 Kxf5 87. Rxd3 1/2-1/2

[Event "Anapa op-B"]
[Site "Anapa"]
[Date "2010.09.04"]
[Round "4"]
[White "Mamonova, Yulia"]
[Black "Prokopenko, A."]
[Result "1-0"]
[WhiteElo "2031"]
[BlackElo "2199"]
[PlyCount "27"]
[EventDate "2010.08.31"]
[EventType "swiss"]
[EventRounds "9"]
[EventCountry "RUS"]
[SourceTitle "EXT 2013"]
[Source "ChessBase"]
[SourceDate "2012.11.22"]
[SourceVersion "1"]
[SourceVersionDate "2012.11.22"]
[SourceQuality "1"]

1. e4 g6 2. d4 Bg7 3. Nc3 d6 4. h3 c6 5. a4 Qc7 6. Be3 Nf6 7. Nge2 Nbd7 8. g4 h5 9. g5 Nh7 10. Bg2 e5 11. 0-0 0-0 12. d5 c5 13. f4 exf4 14. Bxf4 1-0

[Event "Anapa op-B"]
[Site "Anapa"]
[Date "2010.09.03"]
[Round "3"]
[White "Prokopenko, A."]
[Black "Yarysh, Grigorij"]
[Result "1/2-1/2"]
[WhiteElo "2199"]
[BlackElo "2267"]
[PlyCount "144"]
[EventDate "2010.08.31"]
[EventType "swiss"]
[EventRounds "9"]
[EventCountry "RUS"]
[SourceTitle "EXT 2013"]
[Source "ChessBase"]
[SourceDate "2012.11.22"]
[SourceVersion "1"]
[SourceVersionDate "2012.11.22"]
[SourceQuality "1"]

1. Nf3 Nf6 2. d4 g6 3. Bf4 Bg7 4. e3 d6 5. Bc4 0-0 6. 0-0 b6 7. Nbd2 Bb7 8. c3 Nbd7 9. Qb3 c5 10. a4 a6 11. Rfe1 Rc8 12. Qa2 Nh5 13. Bg5 h6 14. Bh4 g5 15. Bg3 Ndf6 16. Rad1 Qc7 17. Bd3 Nxg3 18. hxg3 d5 19. Ne5 Ne4 20. Nef3 Qc6 21. Be2 Rfd8 22. Nh2 c4 23. Ndf1 b5 24. f3 Nf6 25. a5 b4 26. cxb4 Qb5 27. Qa3 e6 28. b3 Bf8 29. bxc4 Qxb4 30. Qa2 dxc4 31. Rb1 Qe7 32. Bxc4 Bd5 33. Rec1 Rxc4 34. Rxc4 Rc8 35. Rbc1 Rxc4 36. Rxc4 e5 37. Qc2 Bxc4 38. Qxc4 exd4 39. exd4 Qb4 40. Qxb4 Bxb4 41. Kf2 Bxa5 42. Ke3 Kf8 43. Kd3 Ke7 44. Kc4 Bc7 45. Ne3 h5 46. Nhf1 Ke6 47. Kc5 Kd7 48. Nf5 Ne8 49. d5 Nd6 50. N1e3 f6 51. Ng7 Nb7+ 52. Kc4 Bxg3 53. Nxh5 Nd6+ 54. Kd3 Be5 55. Ng4 Ke7 56. Nxe5 fxe5 57. g4 Nb5 58. Kc4 Nd4 59. Kc5 Nxf3 60. d6+ Ke6 61. Ng7+ Kd7 62. Kd5 a5 63. Ne6 a4 64. Nc5+ Kd8 65. Nxa4 e4 66. Kxe4 Nh2 67. Ke5 Nxg4+ 68. Ke6 Nh6 69. Nc5 Kc8 70. d7+ Kc7 71. Ke7 Nf5+ 72. Ke8 Nd6+ 1/2-1/2

[Event "Anapa op-B"]
[Site "Anapa"]
[Date "2010.09.01"]
[Round "1"]
[White "Prokopenko, A."]
[Black "Vikulin, Alexander A"]
[Result "1-0"]
[WhiteElo "2199"]
[BlackElo "1696"]
[PlyCount "33"]
[EventDate "2010.08.31"]
[EventType "swiss"]
[EventRounds "9"]
[EventCountry "RUS"]
[SourceTitle "EXT 2013"]
[Source "ChessBase"]
[SourceDate "2012.11.22"]
[SourceVersion "1"]
[SourceVersionDate "2012.11.22"]
[SourceQuality "1"]

1. Nf3 Nf6 2. c4 g6 3. Nc3 Bg7 4. d4 d6 5. g3 0-0 6. Bg2 Bg4 7. Qb3 Qc8 8. 0-0 Nc6 9. Be3 Re8 10. Rfe1 e5 11. dxe5 dxe5 12. Rad1 Be6 13. Nd5 h6 14. Nxf6+ Bxf6 15. Bxh6 Na5 16. Qc3 Nxc4 17. b3 1-0

[Event "Anapa op-B"]
[Site "Anapa"]
[Date "2010.09.01"]
[Round "2"]
[White "Rudakov, Aleksander"]
[Black "Prokopenko, A."]
[Result "1/2-1/2"]
[WhiteElo "1937"]
[BlackElo "2199"]
[PlyCount "97"]
[EventDate "2010.08.31"]
[EventType "swiss"]
[EventRounds "9"]
[EventCountry "RUS"]
[SourceTitle "EXT 2013"]
[Source "ChessBase"]
[SourceDate "2012.11.22"]
[SourceVersion "1"]
[SourceVersionDate "2012.11.22"]
[SourceQuality "1"]

1. e4 e6 2. d4 d5 3. Nd2 dxe4 4. Nxe4 b6 5. Nf3 Bb7 6. Bd3 Be7 7. 0-0 Nf6 8. Qe2 0-0 9. c3 Nbd7 10. a4 a5 11. Rd1 Qc8 12. Ne5 Nxe4 13. Bxe4 Nf6 14. Bxb7 Qxb7 15. Qf3 Qxf3 16. Nxf3 Bd6 17. Rd3 Nd5 18. Be3 f6 19. Re1 Kf7 20. Nd2 c6 21. Ne4 Bc7 22. g3 Rad8 23. Rdd1 h6 24. c4 Nb4 25. Rd2 g5 26. f4 f5 27. Nc3 gxf4 28. Bxf4 Bxf4 29. gxf4 Rg8+ 30. Kf2 Rg4 31. Kf3 Rh4 32. Rg1 c5 33. d5 exd5 34. cxd5 c4 35. Rdg2 Rg4 36. Rxg4 fxg4+ 37. Rxg4 Nxd5 38. Nxd5 Rxd5 39. Rg2 Rd3+ 40. Ke4 Rb3 41. Kd4 Rb4 42. Rc2 c3+ 43. Kxc3 Rxa4 44. Rd2 Ke6 45. Rd4 Ra2 46. Rd8 b5 47. Rh8 Kf5 48. Rxh6 Kxf4 49. Rh8 1/2-1/2

[Event "Dvorkovich Memorial op 5th"]
[Site "Taganrog"]
[Date "2010.08.10"]
[Round "9"]
[White "Petrov, Artur"]
[Black "Prokopenko, A."]
[Result "1-0"]
[WhiteElo "2405"]
[BlackElo "2199"]
[PlyCount "71"]
[EventDate "2010.08.02"]
[EventType "swiss"]
[EventRounds "9"]
[EventCountry "RUS"]
[SourceTitle "EXT 2013"]
[Source "ChessBase"]
[SourceDate "2012.11.22"]
[SourceVersion "1"]
[SourceVersionDate "2012.11.22"]
[SourceQuality "1"]

1. e4 e6 2. Qe2 e5 3. Nf3 Nc6 4. g3 Bc5 5. Bg2 d6 6. c3 Qe7 7. 0-0 Bg4 8. h3 Bh5 9. b4 Bb6 10. a4 a5 11. b5 Nd8 12. d3 Nf6 13. Nbd2 Ne6 14. Nc4 Bc5 15. Ne3 Bxf3 16. Bxf3 g6 17. Bg2 h5 18. h4 0-0-0 19. d4 Bb6 20. Ba3 Nd7 21. Nd5 Qe8 22. dxe5 dxe5 23. Be7 Bc5 24. Bxd8 Qxd8 25. Qf3 Rh7 26. Rad1 g5 27. Qf5 Rg7 28. hxg5 Rxg5 29. Qxf7 h4 30. Qxe6 hxg3 31. Bh3 gxf2+ 32. Kh2 Rh5 33. Kg2 Rg5+ 34. Kf3 Qf8+ 35. Ke2 Rg7 36. Nf6 1-0